Catálogo
 En Linea

The egypt game / (Registro nro. 41186)

Detalles MARC
000 -CABECERA
campo de control de longitud fija 00518nam a2200169 a 4500
001 - NÚMERO DE CONTROL
campo de control 000041697
005 - FECHA Y HORA DE LA ÚLTIMA TRANSACCIÓN
campo de control 20201002035714.0
008 - DATOS DE LONGITUD FIJA--INFORMACIÓN GENERAL
campo de control de longitud fija 131016s1986 xxua 000 0 eng d
020 ## - NÚMERO INTERNACIONAL ESTÁNDAR DEL LIBRO
Número Internacional Estándar del Libro 9780440422259
040 ## - FUENTE DE LA CATALOGACIÓN
Centro catalogador/agencia de origen DO-SdBNP
Lengua de catalogación spa
Centro/agencia transcriptor BNPHU
082 ## - NÚMERO DE LA CLASIFICACIÓN DECIMAL DEWEY
Número de clasificación xxxx
Número de documento/Ítem xxxx
100 1# - ENTRADA PRINCIPAL--NOMBRE DE PERSONA
Nombre de persona Snyder, Zilpka Keatley
9 (RLIN) 68514
245 10 - MENCIÓN DE TÍTULO
Título The egypt game /
Mención de responsabilidad, etc. Zilpka Keatley Snyder ; ilustración Altin Raible.
260 ## - PUBLICACIÓN, DISTRIBUCIÓN, ETC.
Lugar de publicación, distribución, etc. New York :
Nombre del editor, distribuidor, etc. Yearling Books,
Fecha de publicación, distribución, etc. 1986.
300 ## - DESCRIPCIÓN FÍSICA
Extensión 215 p. :
Otras características físicas il. ;
Dimensiones 20 cm.
700 1# - PUNTO DE ACCESO ADICIONAL--NOMBRE DE PERSONA
Nombre de persona Raible, Altin,
Término indicativo de función/relación il.
9 (RLIN) 68515
Existencias
Estado de retiro Estado de pérdida Restricciones de uso No para préstamo Código de colección Localización permanente Ubicación/localización actual Ubicación en estantería Fecha de adquisición Número de inventario Total de préstamos Signatura topográfica completa Código de barras Fecha visto por última vez Precio válido a partir de Tipo de ítem Koha Número de copia
      Excluido de préstamo Monografías: Libros y Folletos General General Depósito 16.10.2013 LF1   xxxx xxxx 41697-10 25.06.2020 25.06.2020 No se presta  
      Excluido de préstamo Monografías: Libros y Folletos General General Depósito 07.11.2013 LF1   xxxx xxxx 41697-20 25.06.2020 25.06.2020 No se presta e. 2

Con tecnología Koha